[Event "National Open 2012"]
[Site "Las Vegas USA"]
[Date "2012.06.16"]
[Round "4"]
[White "Bryant, John Daniel"]
[Black "Gelashvili, Tamaz"]
[Result "0-1"]
[WhiteTitle "FM"]
[BlackTitle "GM"]
[WhiteElo "2363"]
[BlackElo "2600"]
[WhiteFideId "2031280"]
[BlackFideId "13600702"]
[EventDate "2012.06.15"]

1. e4 d6 2. d4 g6 3. Nc3 Bg7 4. g3 Nf6 5. Bg2 O-O 6. Nge2 c6 7. a4 e5 8. O-O a5
9. h3 exd4 10. Nxd4 Nbd7 11. Bg5 Re8 12. Nb3 Ne5 13. Qc1 Qc7 14. Rd1 Be6 15. Nd4
Ned7 16. Bh6 Nc5 17. g4 Bxh6 18. Qxh6 Rad8 19. Re1 Qb6 20. Rad1 Qxb2 21. Nce2
Kh8 22. Qe3 Qb4 23. Rb1 Qc4 24. Bf1 Nxa4 25. Nxe6 Qxe6 26. Qd4 Nc5 27. g5 Kg8
28. gxf6 Qxe4 29. Qd2 Qh4 30. Ng3 Qxf6 31. Qxa5 h5 32. Bg2 Ra8 33. Qb4 Rxe1+ 34.
Qxe1 d5 35. Qc1 b5 36. Qh6 Qe5 37. f4 Qe3+ 38. Kh2 Ne6 39. Rf1 Ng7 40. Rf3 Qd2
41. Qg5 Qxc2 42. f5 Ra2 43. Nf1 Nxf5 44. Ne3 Qe4 45. Rxf5 Rxg2+ 46. Qxg2 Qxg2+
47. Kxg2 gxf5 48. Kf3 b4 49. Kf4 f6 50. h4 b3 51. Nd1 c5 52. Kxf5 c4 0-1

[Event "National Open 2012"]
[Site "Las Vegas USA"]
[Date "2012.06.16"]
[Round "4"]
[White "Gulamali, Kazim"]
[Black "Belakovskaia, Anjelina"]
[Result "1-0"]
[WhiteTitle "FM"]
[BlackTitle "WGM"]
[WhiteElo "2346"]
[BlackElo "2267"]
[WhiteFideId "2024764"]
[BlackFideId "2008599"]
[EventDate "2012.06.15"]

1. e4 c6 2. d4 d5 3. f3 e6 4. Nc3 b6 5. Bf4 Bb4 6. Ne2 Ba6 7. a3 Bxc3+ 8. Nxc3
Bxf1 9. Rxf1 Ne7 10. Qd3 O-O 11. O-O-O b5 12. h4 Nc8 13. h5 Nb6 14. Rfe1 a5 15.
exd5 exd5 16. Qf5 Qd7 17. Qe5 Nc4 18. Qe7 h6 19. Qh4 b4 20. Nb1 bxa3 21. Nxa3
Nxa3 22. bxa3 c5 23. dxc5 Qa4 24. Re3 d4 25. Bd6 Nc6 26. Bxf8 Rxf8 27. Rb3 Qc4
28. Qf4 a4 29. Rb2 Qxc5 30. Qc7 Re8 31. Kb1 Re2 32. Rc1 Qc3 33. Rb6 Re6 34. Rb7
Rf6 35. Qd7 Qxa3 36. Re1 Na5 37. Re8+ Kh7 38. Qc8 1-0

[Event "National Open 2012"]
[Site "Las Vegas USA"]
[Date "2012.06.16"]
[Round "4"]
[White "Ivanisevic, Ivan"]
[Black "Karagianis, Pete"]
[Result "1-0"]
[WhiteTitle "GM"]
[WhiteElo "2655"]
[BlackElo "2183"]
[WhiteFideId "912417"]
[BlackFideId "2022753"]
[EventDate "2012.06.15"]

1. d4 Nf6 2. c4 c5 3. d5 b5 4. Nf3 e6 5. Bg5 d6 6. dxe6 fxe6 7. cxb5 Be7 8. Nc3
Bb7 9. e3 O-O 10. Bd3 d5 11. O-O Nbd7 12. a4 Qe8 13. Bh4 Rc8 14. Rc1 e5 15. Bxf6
Bxf6 16. Bf5 d4 17. Be4 Bxe4 18. Nxe4 Qe6 19. Qe2 Be7 20. Nfd2 Nb6 21. b3 Kh8
22. Rfe1 Qg6 23. h3 Nd5 24. Qg4 Qxg4 25. hxg4 Nb4 26. Rf1 Nd5 27. Nc4 Nf6 28.
Nxf6 gxf6 29. f3 Rg8 30. Kf2 Bf8 31. Rh1 Rg6 32. Rh5 Bh6 33. Rch1 Bxe3+ 34. Nxe3
dxe3+ 35. Kxe3 Rg7 36. Rf5 Rf7 37. g5 c4 38. Rc1 c3 39. Rxf6 Rxf6 40. gxf6 Kg8
41. Kd3 Rd8+ 42. Kxc3 Kf7 43. Kb4 1-0

[Event "National Open 2012"]
[Site "Las Vegas USA"]
[Date "2012.06.16"]
[Round "4"]
[White "Sharma, Arun"]
[Black "Robson, Ray"]
[Result "1/2-1/2"]
[BlackTitle "GM"]
[WhiteElo "2331"]
[BlackElo "2614"]
[WhiteFideId "2008998"]
[BlackFideId "2023970"]
[EventDate "2012.06.15"]

1. d4 d5 2. c4 e6 3. Nc3 c5 4. cxd5 cxd4 5. Qa4+ Bd7 6. Qxd4 exd5 7. Qxd5 Nc6 8.
Nf3 Nf6 9. Qd1 Bc5 10. e3 Qe7 11. a3 O-O 12. Be2 Rfd8 13. O-O Rac8 14. b4 Bd6
15. Nb5 Bb8 16. Bb2 Ne4 17. Nbd4 Bg4 18. Rc1 h5 19. g3 a6 20. Qe1 Nxd4 21. Nxd4
Ng5 22. Rxc8 Bxc8 23. h4 Ne4 24. Kg2 g6 25. Bf3 1/2-1/2

[Event "National Open 2012"]
[Site "Las Vegas USA"]
[Date "2012.06.16"]
[Round "4"]
[White "West, Vanessa A."]
[Black "Hansen, Eric"]
[Result "0-1"]
[BlackTitle "IM"]
[WhiteElo "2045"]
[BlackElo "2454"]
[WhiteFideId "2021145"]
[BlackFideId "2606771"]
[EventDate "2012.06.15"]

1. e4 c5 2. Nf3 e6 3. b3 Nc6 4. Bb2 Qc7 5. Bb5 Nge7 6. O-O a6 7. Bxc6 Nxc6 8. d3
d6 9. a4 Rb8 10. a5 Nxa5 11. Ng5 h6 12. Qh5 Nc6 13. f4 g6 14. Qh4 Nd4 15. Nf3
Bg7 16. Nxd4 cxd4 17. f5 exf5 18. exf5 Bxf5 19. Re1+ Be6 20. Bxd4 Bxd4+ 21. Qxd4
O-O 22. Nc3 d5 23. Nxd5 Bxd5 24. Qxd5 Rfd8 25. Qc4 Qb6+ 26. Kh1 Rbc8 27. Qf4
Rxc2 28. Re7 Rf2 29. Qxh6 Qc6 30. Qg5 Rxd3 31. Rae1 Rdd2 32. Re8+ Kg7 33. Qe5+
Qf6 34. Rg1 Qxe5 35. Rxe5 Rd3 36. b4 Rb3 37. Re4 Rfb2 38. Rf1 Rxb4 39. Re7 Rf4
40. Rd1 Rff2 41. h3 Rxg2 42. Rdd7 Rgf2 43. Kg1 b5 44. Ra7 Rf6 45. Reb7 b4 46.
Ra8 Rc6 0-1

[Event "National Open 2012"]
[Site "Las Vegas USA"]
[Date "2012.06.16"]
[Round "4"]
[White "Ramirez, Alejandro"]
[Black "Kavutskiy, Konstantin"]
[Result "1/2-1/2"]
[WhiteTitle "GM"]
[BlackTitle "FM"]
[WhiteElo "2593"]
[BlackElo "2280"]
[WhiteFideId "6500617"]
[BlackFideId "2026384"]
[EventDate "2012.06.15"]

1. d4 Nf6 2. c4 e6 3. Nf3 Bb4+ 4. Nbd2 b6 5. a3 Bxd2+ 6. Bxd2 h6 7. g3 Bb7 8.
Bg2 O-O 9. O-O d6 10. b4 Nbd7 11. Bc3 Qe7 12. Rc1 Be4 13. Re1 c6 14. Qb3 a5 15.
Bh3 d5 16. Nd2 Bg6 17. bxa5 bxa5 18. Bg2 Rfc8 19. a4 Qd6 20. Qb2 Ne4 21. Nxe4
Bxe4 22. Bxe4 dxe4 23. Red1 Rab8 24. Qc2 f5 25. Bxa5 Nf6 26. Be1 Qd7 27. a5 Qf7
28. Rb1 Qh5 29. Kg2 f4 30. f3 Qf5 31. fxe4 Nxe4 32. Rxb8 Rxb8 33. Rb1 Rf8 34.
Rb3 Nxg3 35. Qxf5 Nxf5 36. Rb7 Ra8 37. Bc3 Ne3+ 38. Kf3 Nxc4 39. d5 cxd5 40.
Rxg7+ Kf8 41. Rh7 Ra6 42. Rxh6 Nxa5 43. Bxa5 Rxa5 44. Rxe6 Ra3+ 45. Kg4 d4 46.
Rf6+ Kg7 47. Rxf4 Re3 48. Rxd4 1/2-1/2

[Event "National Open 2012"]
[Site "Las Vegas USA"]
[Date "2012.06.16"]
[Round "4"]
[White "Raptis, Nick"]
[Black "Salman, Nachum"]
[Result "1-0"]
[WhiteTitle "FM"]
[BlackTitle "FM"]
[WhiteElo "2268"]
[BlackElo "2242"]
[WhiteFideId "2016850"]
[BlackFideId "2001764"]
[EventDate "2012.06.15"]

1. d4 g6 2. Nf3 Bg7 3. g3 d5 4. Bg2 Nf6 5. O-O O-O 6. c4 c6 7. cxd5 cxd5 8. Nc3
Nc6 9. Ne5 e6 10. f4 Nd7 11. e3 f6 12. Nd3 f5 13. Bd2 Nf6 14. Rc1 Bd7 15. Nc5 b6
16. Nxd7 Qxd7 17. Re1 Na5 18. Bf1 Nc4 19. b3 Nxd2 20. Qxd2 a6 21. Na4 Qd6 22.
Rc2 b5 23. Nc5 Rfb8 24. Rec1 Bf8 25. Nd3 Qd8 26. Rc6 Ne4 27. Qb2 Bd6 28. Bg2 Rc8
29. Qc2 Rcb8 30. Bxe4 fxe4 31. Nc5 Bxc5 32. Qxc5 Qe8 33. Rc7 Qd8 34. Qc6 Qe8 35.
Qd6 Rc8 36. Qe5 1-0

[Event "National Open 2012"]
[Site "Las Vegas USA"]
[Date "2012.06.16"]
[Round "4"]
[White "Anzis, Matt"]
[Black "Thomas, Kenneth P"]
[Result "1-0"]
[WhiteElo "2077"]
[BlackElo "2073"]
[WhiteFideId "2036487"]
[BlackFideId "2022761"]
[EventDate "2012.06.15"]

1. d4 Nf6 2. c4 g6 3. Nc3 d5 4. Nf3 Bg7 5. Bg5 Ne4 6. cxd5 Nxg5 7. Nxg5 e6 8.
Qd2 h6 9. Nf3 exd5 10. Qf4 O-O 11. e3 c6 12. Bd3 Nd7 13. O-O Nf6 14. h3 Be6 15.
b4 Qe7 16. Rab1 Rac8 17. Rfc1 Ne8 18. a4 Nd6 19. Ne5 Bf5 20. Bxf5 Nxf5 21. Nd3
h5 22. Rc2 Bh6 23. Qf3 Nh4 24. Qe2 Qg5 25. f4 Qe7 26. g4 Rfe8 27. Re1 hxg4 28.
hxg4 g5 29. f5 Qd6 30. Qf2 Bg7 31. Rce2 Bf6 32. Kf1 Re4 33. Nxe4 dxe4 34. Nc5
Qe7 35. b5 Kg7 36. Qg3 Nf3 37. Kg2 b6 38. Nb3 Nxe1+ 39. Qxe1 cxb5 40. axb5 Qa3
41. Nd2 Qd3 42. Nf1 Qxb5 43. Ng3 Qd3 44. Nh5+ Kh6 45. Nxf6 Rc1 46. Qd2 Qb1 47.
Kg3 Rg1+ 48. Rg2 Rf1 49. Nh5 a5 50. d5 a4 51. Qc3 Qe1+ 52. Qxe1 Rxe1 53. Rd2
Rxe3+ 54. Kf2 Rc3 55. Ke2 a3 56. d6 Rd3 57. d7 a2 58. Rxa2 Rxd7 59. Ra8 1-0

[Event "National Open 2012"]
[Site "Las Vegas USA"]
[Date "2012.06.16"]
[Round "4"]
[White "Finegold, Benjamin"]
[Black "Collyer, Curt D"]
[Result "1-0"]
[WhiteTitle "GM"]
[BlackTitle "FM"]
[WhiteElo "2494"]
[BlackElo "2298"]
[WhiteFideId "2000261"]
[BlackFideId "2020440"]
[EventDate "2012.06.15"]

1. e4 b6 2. d4 Bb7 3. Nc3 e6 4. Nf3 Bb4 5. Bd3 Nf6 6. Bg5 h6 7. Bxf6 Bxc3+ 8.
bxc3 Qxf6 9. O-O d6 10. Nd2 e5 11. f4 Qe7 12. fxe5 dxe5 13. Nc4 Nc6 14. d5 Nd8
15. Qh5 O-O 16. Qxe5 Qxe5 17. Nxe5 Re8 18. Nf3 f5 19. exf5 Bxd5 20. Nh4 Nb7 21.
f6 Nd6 22. fxg7 Kxg7 23. Rf4 Re5 24. Raf1 Rae8 25. Nf3 Re3 26. Rg4+ Kh8 27. Nh4
Be4 28. Ng6+ Bxg6 29. Rxg6 R3e6 30. Rf8+ Rxf8 31. Rxe6 1-0

[Event "National Open 2012"]
[Site "Las Vegas USA"]
[Date "2012.06.16"]
[Round "4"]
[White "Perunovic, Milos"]
[Black "Lenderman, Aleksandr"]
[Result "0-1"]
[WhiteTitle "GM"]
[BlackTitle "GM"]
[WhiteElo "2577"]
[BlackElo "2587"]
[WhiteFideId "921629"]
[BlackFideId "2021285"]
[EventDate "2012.06.15"]

1. e4 c6 2. d4 d5 3. e5 Bf5 4. Nd2 e6 5. Nb3 Nd7 6. Nf3 a6 7. Be2 c5 8. dxc5
Bxc5 9. Nxc5 Nxc5 10. Be3 Rc8 11. Nd4 Ne7 12. O-O O-O 13. Nxf5 Nxf5 14. Bxc5
Rxc5 15. Bd3 Qb6 16. Rb1 g6 17. Re1 Rcc8 18. c3 Ne7 19. Qf3 Nc6 20. h4 Qd8 21.
Qg3 Kg7 22. h5 Kh6 23. Re3 Qg5 24. Qh2 Kg7 25. Rh3 Rh8 26. h6+ Kf8 27. Re3 d4
28. cxd4 Nxd4 29. Rbe1 Ke7 30. f4 Qg4 31. Rf1 Rhd8 32. Kh1 Nf5 33. Be2 Nxe3 34.
Bxg4 Nxf1 35. Qh4+ Ke8 36. Qf6 Ng3+ 37. Kh2 Ne4 38. Qh4 Rc2 39. Qe1 Nd2 40. Qf2
Rxb2 41. f5 exf5 42. Bxf5 gxf5 43. Qxf5 Rb6 44. Qxh7 Ke7 45. e6 Rxe6 46. Qg7
Rdd6 47. h7 Nf3+ 48. Kg3 Rg6+ 49. Kxf3 Rdf6+ 50. Ke3 Rxg7 51. h8=Q Rg3+ 52. Kd4
Rxg2 0-1

[Event "National Open 2012"]
[Site "Las Vegas USA"]
[Date "2012.06.17"]
[Round "5"]
[White "Lenderman, Aleksandr"]
[Black "Bykhovsky, Anatoly"]
[Result "1-0"]
[WhiteTitle "GM"]
[BlackTitle "GM"]
[WhiteElo "2587"]
[BlackElo "2516"]
[WhiteFideId "2021285"]
[BlackFideId "2806991"]
[EventDate "2012.06.15"]

1. Nf3 c5 2. c4 g6 3. d4 cxd4 4. Nxd4 Nc6 5. e4 Nf6 6. Nc3 d6 7. Be2 Nxd4 8.
Qxd4 Bg7 9. Be3 O-O 10. Qd2 a5 11. f3 a4 12. Rc1 Be6 13. Nd5 Nd7 14. O-O Nc5 15.
Rc2 Bxd5 16. cxd5 Qa5 17. Qxa5 Rxa5 18. Rfc1 b6 19. Bd2 Ra7 20. Kf1 a3 21. bxa3
Rxa3 22. Rb1 Rfa8 23. Rxb6 Bd4 24. Rb4 Be3 25. Bxe3 Rxe3 26. Bc4 Kg7 27. Rb1 f5
28. exf5 gxf5 29. Re1 Rxe1+ 30. Kxe1 Kf6 31. Kd2 Ra3 32. Rc3 Ra4 33. Ke3 Rb4 34.
Rc2 Ke5 35. g3 h5 36. a3 Rb1 37. f4+ Kf6 38. Ra2 Na4 39. Bd3 Rc1 40. Rc2 Ra1 41.
Rc8 Nc5 42. Bc2 Rxa3+ 43. Kd4 Ra2 44. Kc3 Ne4+ 45. Kd4 h4 46. g4 Nc5 47. Bxf5
Ra4+ 48. Ke3 Ra3+ 49. Kf2 Ra2+ 50. Kg1 Ra4 51. Rh8 Rxf4 52. Rxh4 Rd4 53. g5+
Kxg5 54. Rxd4 Kxf5 55. Kf2 Ke5 56. Ke3 Kf5 57. Rf4+ Ke5 58. Rf7 1-0

[Event "National Open 2012"]
[Site "Las Vegas USA"]
[Date "2012.06.17"]
[Round "5"]
[White "Gelashvili, Tamaz"]
[Black "Sevillano, Enrico"]
[Result "0-1"]
[WhiteTitle "GM"]
[BlackTitle "IM"]
[WhiteElo "2600"]
[BlackElo "2517"]
[WhiteFideId "13600702"]
[BlackFideId "5200156"]
[EventDate "2012.06.15"]

1. Nf3 Nf6 2. e3 g6 3. b4 Bg7 4. Bb2 d5 5. c4 c6 6. Na3 O-O 7. Be2 Bg4 8. h3
Bxf3 9. Bxf3 Nbd7 10. d4 Re8 11. O-O a6 12. cxd5 cxd5 13. b5 Nb6 14. bxa6 bxa6
15. Qd3 e6 16. Rac1 Qd7 17. Nb1 Nc4 18. Ba1 a5 19. Nc3 Nd6 20. a4 Reb8 21. Bd1
Nfe4 22. Nxe4 Nxe4 23. Re1 Bf8 24. Re2 h5 25. Ra2 Ra7 26. Be2 Bd6 27. Bf3 Ng5
28. e4 Nxf3+ 29. Qxf3 Rc7 30. Rd1 Rc4 31. exd5 exd5 32. Re1 Bf8 33. Rae2 Rxa4
34. Bc3 Ra3 35. Qf4 Rc8 36. Bd2 Ra2 37. Qf6 a4 38. Bf4 Rxe2 39. Rxe2 Bg7 40. Qa6
Bxd4 41. Ra2 Rc4 42. Rd2 Qe6 43. Qa8+ Kh7 44. Qb8 Bg7 0-1

[Event "National Open 2012"]
[Site "Las Vegas USA"]
[Date "2012.06.17"]
[Round "5"]
[White "Brown, Michael William"]
[Black "Kudrin, Sergey"]
[Result "0-1"]
[BlackTitle "GM"]
[WhiteElo "2224"]
[BlackElo "2550"]
[WhiteFideId "2037602"]
[BlackFideId "2000164"]
[EventDate "2012.06.15"]

1. d4 Nf6 2. c4 g6 3. Nc3 d5 4. Bf4 Bg7 5. e3 O-O 6. Rc1 Be6 7. Qb3 c5 8. Qxb7
Qb6 9. Qxb6 axb6 10. Nf3 dxc4 11. dxc5 bxc5 12. Nd2 Nd5 13. Nxd5 Bxd5 14. Bxc4
Bxg2 15. Rg1 Bc6 16. Bb3 Na6 17. Nc4 Nb4 18. Ke2 Nxa2 19. Ra1 Nb4 20. Be5 Bb5
21. Bc3 Nd5 22. Kd2 Rab8 23. Rgc1 Rfd8 24. Kc2 Nb4+ 25. Bxb4 Bxc4 26. Bxc4 Rxb4
27. b3 Bxa1 28. Rxa1 Rb7 29. Ra5 Rc7 30. Kc3 Rd1 31. f3 Rc1+ 32. Kd3 Kg7 33. Ra2
Rd7+ 34. Ke4 Rc3 35. Ra5 f5+ 36. Kf4 Kf6 37. Rxc5 g5+ 38. Kg3 Rxe3 39. Kf2 f4 0-1

[Event "National Open 2012"]
[Site "Las Vegas USA"]
[Date "2012.06.17"]
[Round "5"]
[White "Kaufman, Raymond"]
[Black "Gulamali, Kazim"]
[Result "1-0"]
[WhiteTitle "IM"]
[BlackTitle "FM"]
[WhiteElo "2336"]
[BlackElo "2346"]
[WhiteFideId "2015056"]
[BlackFideId "2024764"]
[EventDate "2012.06.15"]

1. d4 d6 2. e4 Nf6 3. Nc3 g6 4. Bg5 Bg7 5. Qd2 h6 6. Bh4 c6 7. f4 Qa5 8. Nf3 Bg4
9. Be2 c5 10. d5 Nfd7 11. O-O Bxf3 12. Bxf3 Nb6 13. Qe2 N8d7 14. Nb5 Nc8 15. Bg4
a6 16. Nc3 Ncb6 17. a4 Qb4 18. e5 dxe5 19. a5 Nc8 20. Bxd7+ Kxd7 21. Ra4 Qxb2
22. Rb1 Qxc3 23. Be1 Qd4+ 24. Rxd4 exd4 25. Rxb7+ Kd8 26. d6 exd6 27. Qg4 1-0

[Event "National Open 2012"]
[Site "Las Vegas USA"]
[Date "2012.06.17"]
[Round "5"]
[White "Shankland, Samuel L"]
[Black "Gareev, Timur"]
[Result "1/2-1/2"]
[WhiteTitle "GM"]
[BlackTitle "GM"]
[WhiteElo "2581"]
[BlackElo "2654"]
[WhiteFideId "2004887"]
[BlackFideId "14200937"]
[EventDate "2012.06.15"]

1. d4 d5 2. c4 c6 3. Nf3 Nf6 4. Nc3 a6 5. e3 Bf5 6. Nh4 Bg4 7. Qc2 e6 8. h3 Bh5
9. g4 Nfd7 10. Ng2 Bg6 11. Qb3 b5 12. c5 a5 13. Nf4 b4 14. Nxg6 hxg6 15. Na4 Na6
16. a3 Be7 17. Bd2 O-O 18. Bd3 e5 19. O-O Nc7 20. axb4 Rb8 21. Nb6 axb4 22. Nxd7
Qxd7 23. Ra7 Bf6 24. dxe5 Bxe5 25. Bxb4 Qd8 26. f4 Qh4 27. Rf3 Ne6 28. Qa3 Qf6
29. Rf2 Nxf4 30. Bf1 Qh4 31. Rxf4 Qg3+ 32. Bg2 Rxb4 33. Rxb4 Qe1+ 34. Bf1 Qg3+
35. Bg2 Qe1+ 36. Bf1 g5 37. e4 dxe4 38. Rc4 Qd2 39. Bg2 Qe1+ 40. Bf1 Qd2 41. Bg2
e3 42. Qa1 e2 43. Re4 Bxb2 44. Rd7 Qxd7 45. Qxb2 Qd1+ 46. Kf2 f5 47. Rxe2 fxg4+
48. Ke3 Re8+ 49. Be4 gxh3 50. Qa2+ Kh8 51. Qc4 Qg1+ 52. Kd2 Rd8+ 53. Bd3 Qa1 54.
Qe4 Qa5+ 55. Kd1 Qa1+ 56. Kc2 Qa2+ 57. Kc1 Qa3+ 58. Kd2 Qa5+ 59. Kd1 Qa1+ 60.
Kd2 Qa5+ 1/2-1/2

[Event "National Open 2012"]
[Site "Las Vegas USA"]
[Date "2012.06.17"]
[Round "5"]
[White "Hansen, Eric"]
[Black "Perunovic, Milos"]
[Result "1/2-1/2"]
[WhiteTitle "IM"]
[BlackTitle "GM"]
[WhiteElo "2454"]
[BlackElo "2577"]
[WhiteFideId "2606771"]
[BlackFideId "921629"]
[EventDate "2012.06.15"]

1. e4 c5 2. Nf3 Nc6 3. Bb5 d6 4. O-O Bd7 5. Re1 Nf6 6. c3 a6 7. Bf1 Bg4 8. d4
cxd4 9. cxd4 e5 10. d5 Nd4 11. Be3 Nxf3+ 12. gxf3 Bd7 13. a4 Be7 14. Qb3 O-O 15.
Qxb7 Nh5 16. Nd2 f5 17. Rac1 Rb8 18. Qxa6 Rxb2 19. Nc4 Ra2 20. Qb6 Rxa4 21. Qxd8
Rxd8 22. Nb6 f4 23. Bd2 Ra2 24. Bc3 Be8 25. Ra1 Rc2 26. Rec1 Rxc1 27. Rxc1 Rb8
28. Nc4 Nf6 29. Bb2 Bb5 30. Ba3 Bxc4 31. Bxc4 Rc8 1/2-1/2

[Event "National Open 2012"]
[Site "Las Vegas USA"]
[Date "2012.06.17"]
[Round "5"]
[White "Diamant, Andre"]
[Black "Kekelidze, Mikheil"]
[Result "0-1"]
[WhiteTitle "GM"]
[BlackTitle "GM"]
[WhiteElo "2472"]
[BlackElo "2494"]
[WhiteFideId "2108356"]
[BlackFideId "13600818"]
[EventDate "2012.06.15"]

1. e4 c5 2. Nf3 e6 3. d4 cxd4 4. Nxd4 a6 5. c4 Nf6 6. Nc3 Qc7 7. a3 d6 8. Be3
Nbd7 9. Rc1 b6 10. Be2 Bb7 11. f3 Be7 12. O-O O-O 13. b4 Rfc8 14. Qd2 Kh8 15.
Rc2 Qd8 16. Rb1 Rab8 17. Na4 Qg8 18. Nb3 g5 19. c5 g4 20. Nxb6 gxf3 21. Bxf3 Ne5
22. Bd1 Rd8 23. Bd4 Bxe4 24. Qc3 Qg6 25. cxd6 Rxd6 26. Bxe5 Rdxb6 27. Bh5 Qxh5
28. Bxf6+ Bxf6 29. Qxf6+ Kg8 30. Rc5 e5 31. Qf1 Bxb1 32. Qxb1 Rd6 33. Rc1 Rbd8
34. h3 Rg6 35. Re1 e4 36. Nc5 Rxg2+ 0-1

[Event "National Open 2012"]
[Site "Las Vegas USA"]
[Date "2012.06.17"]
[Round "5"]
[White "Molner, Mackenzie"]
[Black "Adamson, Robby"]
[Result "1/2-1/2"]
[WhiteTitle "IM"]
[BlackTitle "FM"]
[WhiteElo "2489"]
[BlackElo "2322"]
[WhiteFideId "2021722"]
[BlackFideId "2009730"]
[EventDate "2012.06.15"]

1. e4 c6 2. d4 d5 3. e5 Bf5 4. Nf3 e6 5. Be2 Nd7 6. O-O Bg6 7. Nbd2 Nh6 8. Ne1
f6 9. f4 Qb6 10. Ndf3 Be4 11. c3 Be7 12. Nd3 O-O 13. Nf2 Bf5 14. h3 fxe5 15.
fxe5 Nf7 16. Bd3 Bxd3 17. Nxd3 c5 18. Qe2 cxd4 19. Nxd4 Bc5 20. Nxc5 Nxc5 21.
Bf4 Rae8 22. Rf3 Nh8 23. Raf1 Ng6 24. h4 Ne4 25. Be3 Nxe5 26. Rxf8+ Rxf8 27.
Rxf8+ Kxf8 28. Qh5 Nc4 29. Bf4 Nf6 30. Qe2 Kf7 31. b3 Na5 32. Be5 Qd8 33. Bxf6
Qxf6 34. Qb5 b6 35. Qd7+ Qe7 36. Qc8 e5 37. Qf5+ Ke8 38. Qc8+ Kf7 39. Qf5+ Ke8 1/2-1/2

[Event "National Open 2012"]
[Site "Las Vegas USA"]
[Date "2012.06.17"]
[Round "5"]
[White "Robson, Ray"]
[Black "Altounian, Levon"]
[Result "1-0"]
[WhiteTitle "GM"]
[BlackTitle "IM"]
[WhiteElo "2614"]
[BlackElo "2428"]
[WhiteFideId "2023970"]
[BlackFideId "2011298"]
[EventDate "2012.06.15"]

1. e4 e6 2. d4 d5 3. Nc3 Nf6 4. e5 Nfd7 5. f4 c5 6. Nf3 a6 7. Be3 Qb6 8. a3 Nc6
9. Na4 Qa5+ 10. Nc3 Qb6 11. Na4 Qa5+ 12. Bd2 Qc7 13. dxc5 Nxc5 14. Nxc5 Bxc5 15.
Bd3 Qb6 16. b4 Be3 17. c3 Bd7 18. g3 O-O 19. Kf1 f6 20. Bxe3 Qxe3 21. Kg2 Rac8
22. Re1 Qb6 23. c4 fxe5 24. c5 Qd8 25. Nxe5 Nxe5 26. Rxe5 Qf6 27. Be2 a5 28. Qd2
axb4 29. axb4 Ra8 30. Re1 b6 31. Bg4 bxc5 32. bxc5 Ra6 33. Qe2 Rfa8 34. Bxe6+
Bxe6 35. Rxe6 Rxe6 36. Qxe6+ Qxe6 37. Rxe6 Ra2+ 38. Kf3 Rc2 39. c6 d4 40. Rd6 d3
41. Kg4 d2 42. h4 Kf7 43. h5 h6 44. c7 Rxc7 45. Rxd2 Rc3 46. Rd7+ Kf6 47. Rd6+
Kf7 48. Ra6 Rb3 49. Kh4 Rb4 50. Ra3 Kf6 51. Kg4 Rb5 52. Re3 Ra5 53. Rd3 Rc5 54.
Rd6+ Kf7 55. Rd4 Kf6 56. Kh4 Rc3 57. Kh3 Rb3 58. Rd6+ Kf7 59. Rd5 Kf6 60. Re5
Ra3 61. Kg2 Rb3 62. Kf2 Ra3 63. Re3 Ra1 64. g4 Rb1 65. Rd3 Ra1 66. Rd6+ Kf7 67.
Kf3 Ra3+ 68. Ke4 Ra1 69. Ke5 Kg8 70. Rd7 Ra6 71. g5 hxg5 72. fxg5 Ra5+ 73. Rd5 1-0

[Event "National Open 2012"]
[Site "Las Vegas USA"]
[Date "2012.06.17"]
[Round "5"]
[White "Yanayt, Eugene"]
[Black "Zierk, Steven C"]
[Result "0-1"]
[WhiteTitle "FM"]
[BlackTitle "IM"]
[WhiteElo "2242"]
[BlackElo "2483"]
[WhiteFideId "2020165"]
[BlackFideId "2034255"]
[EventDate "2012.06.15"]

1. d4 d5 2. c4 c6 3. Nf3 Nf6 4. Nc3 dxc4 5. a4 Bf5 6. Nh4 Bd7 7. e4 e6 8. Bxc4
Nxe4 9. Nxe4 Qxh4 10. Qf3 Bb4+ 11. Kf1 h6 12. Bf4 O-O 13. Be5 c5 14. Bg3 Qd8 15.
Bd6 Bc6 16. dxc5 Nd7 17. Bxf8 Qxf8 18. Bb5 Bxb5+ 19. axb5 Nxc5 20. g3 Rd8 21.
Kg2 Rd5 22. Nf6+ gxf6 23. Qg4+ Kh7 24. Qxb4 Qd6 25. Rhc1 Qb6 26. Ra3 f5 27. Rc2
Kg6 28. Rac3 Nd3 29. Qe7 Ne1+ 30. Kf1 Nxc2 31. Rc7 Qxb5+ 32. Kg2 Ne1+ 33. Kg1
Nf3+ 34. Kg2 Ng5 35. Rc8 Rd1 36. Rg8+ Kh7 37. Rxg5 Qf1+ 38. Kf3 Rd3+ 39. Kf4
Qxf2+ 40. Ke5 Qd4# 0-1

[Event "National Open 2012"]
[Site "Las Vegas USA"]
[Date "2012.06.17"]
[Round "5"]
[White "Formanek, Edward W"]
[Black "Foisor, Mihaela-Veronica"]
[Result "1-0"]
[WhiteTitle "IM"]
[BlackTitle "WFM"]
[WhiteElo "2157"]
[BlackElo "2244"]
[WhiteFideId "2001640"]
[BlackFideId "2270757"]
[EventDate "2012.06.15"]

1. d4 Nf6 2. c4 e6 3. Nc3 d5 4. Bg5 Nbd7 5. e3 Bb4 6. cxd5 exd5 7. a3 Be7 8. Bd3
c6 9. Qc2 O-O 10. Nf3 Re8 11. O-O Nf8 12. b4 h6 13. Bxf6 Bxf6 14. b5 Bd7 15.
bxc6 Bxc6 16. Bb5 Qa5 17. Bxc6 bxc6 18. Rfc1 Rab8 19. Qa4 Rb5 20. Qc2 Rbb8 21.
Qa4 Qxa4 22. Nxa4 Rec8 23. Nc5 Be7 24. Ne5 f6 25. Ned3 Kf7 26. Rab1 Rb6 27. a4
Rcb8 28. Rxb6 Rxb6 29. Kf1 Bd6 30. a5 Rb5 31. Na6 Rxa5 32. Rxc6 Ke7 33. Nac5
Ra1+ 34. Ke2 Ne6 35. h4 Bxc5 36. Nxc5 Nxc5 37. dxc5 Ra2+ 38. Kf3 g6 39. Rd6 a5
40. Rxd5 a4 41. h5 g5 42. Rd6 Rc2 43. Ra6 Rc4 44. e4 Rxc5 45. Rxa4 g4+ 46. Kxg4
Rg5+ 47. Kf3 Rxh5 48. Ra7+ Ke6 49. g4 Rh1 50. Ra5 Rh3+ 51. Kf4 Rh2 52. f3 Rb2
53. Rh5 Kf7 54. Rxh6 Rb3 55. Rh5 Kg6 56. Rf5 Rb4 57. g5 fxg5+ 58. Rxg5+ Kf6 59.
Rf5+ Ke6 60. Rh5 Rb3 61. Rh6+ Kf7 62. Ra6 Rb5 63. Kg4 Rb4 64. Kf5 1-0

[Event "National Open 2012"]
[Site "Las Vegas USA"]
[Date "2012.06.17"]
[Round "5"]
[White "Sharma, Arun"]
[Black "Ramirez, Alejandro"]
[Result "1-0"]
[BlackTitle "GM"]
[WhiteElo "2331"]
[BlackElo "2593"]
[WhiteFideId "2008998"]
[BlackFideId "6500617"]
[EventDate "2012.06.15"]

1. d4 g6 2. c4 Bg7 3. e4 d6 4. Nc3 e5 5. d5 f5 6. exf5 Bxf5 7. Bd3 Ne7 8. Nge2
O-O 9. O-O Nd7 10. Ng3 Nc5 11. Nge4 Nxd3 12. Qxd3 h6 13. Be3 g5 14. f3 Bg6 15.
c5 Nf5 16. cxd6 cxd6 17. Rac1 Rf7 18. Bf2 h5 19. h3 Bh6 20. Rc2 a6 21. Qd1 Qf8
22. g4 Nh4 23. Bxh4 gxh4 24. g5 Bg7 25. Rg2 Kh8 26. Qe2 Rc8 27. Qf2 Rf4 28. Qb6
Rxc3 29. Nxc3 e4 30. Ne2 exf3 31. Nxf4 Qxf4 32. Qd8+ Kh7 33. Qe7 Bd3 34. g6+ Kh6
35. Rxf3 Qc1+ 36. Kh2 Bxg6 37. Qxd6 1-0